Economía : principios y aplicaciones /
Guardado en:
| Autor Principal: | |
|---|---|
| Otros Autores: | |
| Formato: | Libro |
| Publicado: |
México :
Mc Graw Hill,
2008
|
| Edición: | 4a. ed. |
| Materias: | |
| Etiquetas: |
Agregar Etiqueta
Sin Etiquetas, Sea el primero en etiquetar este registro!
|
| LEADER | 01995nam a22002415a 4500 | ||
|---|---|---|---|
| 001 | CEM.cems013165 | ||
| 008 | 130507s2008##################000#0#####d | ||
| 005 | 20211110173600.0 | ||
| 003 | CEMS | ||
| 245 | 1 | 0 | |a Economía : |b principios y aplicaciones / |c Francisco Mochón, Víctor Alberto Beker |
| 250 | |a 4a. ed. | ||
| 260 | |a México : |b Mc Graw Hill, |c 2008 | ||
| 300 | |a 619 p. | ||
| 505 | 0 | |a La economía: conceptos básicos -- La oferta, la demanda y el mercado: aplicaciones -- La elasticidad y sus aplicaciones -- La demanda y el comportamiento del consumidor -- La empresa: producción, costos y beneficios -- La empresa en los mercados de competencia perfecta -- El monopolio -- El oligopolio y la competencia monopolística -- La retribución de los factores: el mercado de trabajo -- Eficiencia y fallas del mercado: externalidades, bienes públicos e información imperfecta -- El papel del estado en la economía: la distribución del ingreso, los impuestos y la regulación -- Una visión global: la macroeconomía -- La medición del PIB: del PIB al ingreso disponible -- El equilibrio del mercado de bienes: el modelo keynesiano y la política fiscal -- Funciones del dinero -- El banco central, el equilibrio del mercado de dinero y la política monetaria -- La comercio internacional y la balanza de pagos -- El mercado de divisas -- La oferta agregada y la curva de Phillips: inflación y desempleo -- Las políticas macroeconómicas en los modelos clásico, keynesiano y de la síntesis -- Los ciclos económicos: fluctuaciones de la produccón y del empleo -- El crecimiento económico y el desarrollo -- La globalización, la tecnología y la nueva economía | |
| 590 | |a 1231.013 | ||
| 020 | |a 9789701067949 | ||
| 100 | 1 | |a Mochón, Francisco | |
| 700 | 1 | |a Beker, Víctor Alberto | |
| 082 | 0 | 4 | |a Z330 |
| 653 | |a Economía | ||
| 653 | |a Biblioteca TC | ||
| 859 | |a CEMS |b BIB. CEMS - 11 de abril |h Z330 |i M719a4 |p 25639.09 |t Ej.1 | ||
| 859 | |a CEMS |b BIB. CEMS - 11 de abril |h TC |p 1231.013 |t Ej.2 | ||
